000 00415pab a2200169 454500
008 180718b2003 xxu||||| |||| 00| 0 eng d
100 _aSundaram, I. Satya
245 _aIndia's economy and rural women workers
260 _c2003
300 _ap.67-70.
362 _aAug-Sep
650 _aWomen - India
650 _aRural women - India
650 _aRural women
773 _aSocial Welfare
909 _a57875
999 _c57875
_d57875